| 000 | 00000nam 2200000za 4500 |
| 001 | 9.634361 |
| 003 | CaOODSP |
| 005 | 20210624215749 |
| 007 | cr ||||||||||| |
| 008 | 150407|2007||||xxc|||||o f|0| 0 fre d |
| 020 | |a978-0-662-09695-5 |
| 040 | |aCaOODSP|bfre |
| 043 | |an-cn--- |
| 086 | 1 |aFo149-1/2006F-PDF |
| 110 | 1 |aCanada.|bRessources naturelles Canada. |bService canadien des forêts. |
| 245 | 10|aCentre canadien sur la fibre de bois - Plan de développement, 2006-2009 / |h[ressource électronique]|cPublié par le Centre canadien sur la fibre de bois. |
| 246 | 17|aPlan de développement du CCFB |
| 260 | |aOttawa - Ontario : |bRessources naturelles Canada. |c2007. |
| 300 | |a32p.|bfigures en couleur, photographies |
| 520 | 3 |aLes objectifs du présent plan qui couvre les exercices de 2006 à 2009 son les suivants : Donner un fondement stratégique solide au programme de recherche dont sera doté le Centre canadien sur la fibre de bois; Orienter le développement de la structure du CCFB au sein du Service canadien des forêts de Ressources naturelles Canada; Orienter à court terme les programmes du CCFB jusqu’à ce que les nouvelles orientations de FPInnovations, nouveau partenariat public-privé, puissent être prises en compte dans un plan stratégique à plus long terme. |
| 590 | |a07-35|b2007-08-31 |
| 691 | 07|aIndustrie du bois|2gcpds |
| 775 | 08|tCanadian Wood Fibre Centre - Development plan 2006-2009 / |w(CaOODSP)9.689986 |
| 776 | 0#|tCanadian Wood Fibre Centre - Development plan 2006-2009 / |w(CaOODSP)9.668963 |
| 776 | 0#|tCentre canadien sur la fibre de bois - Plan de développement, 2006-2009 / |w(CaOODSP)9.668964 |
| 794 | |tCentre canadien sur la fibre de bois, plan de mise en œuvre, 2009-2011 / |w(CaOODSP)9.637433 |
| 856 | 40|ahttp://publications.gc.ca|qPDF|s34617 Ko|uhttps://publications.gc.ca/collections/collection_2007/nrcan-rncan/Fo149-1-2006F.pdf |